| 000 | 04391cam a22005178i 4500 | ||
|---|---|---|---|
| 001 | 21774119 | ||
| 003 | NUST | ||
| 005 | 20220825163432.0 | ||
| 006 | m |o d | | ||
| 007 | cr ||||||||||| | ||
| 008 | 201013s2021 nyu ob 001 0 eng | ||
| 010 | _a 2020019213 | ||
| 020 |
_a9780698197961 _q(ebook) |
||
| 020 |
_z9781594206610 _q(hardcover) |
||
| 040 |
_aDLC _beng _cDLC _erda |
||
| 042 | _apcc | ||
| 043 |
_an-us-ny _an-us--- |
||
| 050 | 0 | 0 | _aHG2613.N54 |
| 082 | 0 | 0 |
_a332.1230973 _223 _bKAR |
| 100 | 1 |
_aKarabell, Zachary, _eauthor. _997711 |
|
| 245 | 1 | 0 |
_aInside money : _bBrown Brothers Harriman and the American way of power _cZachary Karabell. |
| 260 |
_aNew York : _bPenguin Press, _c2021 |
||
| 263 | _a2105 | ||
| 300 | _a438p | ||
| 336 |
_atext _btxt _2rdacontent |
||
| 337 |
_acomputer _bc _2rdamedia |
||
| 338 |
_aonline resource _bcr _2rdacarrier |
||
| 504 | _aIncludes bibliographical references and index. | ||
| 505 | 0 | _aComing to America -- The B&O -- Everybody is speculating -- Dreams of The Arctic -- A very Civil War -- A nice sense of commercial honor -- Nothing is impossible -- The Republic of Brown Brothers -- Saving money -- The tapped -- The business of America -- From the ashes -- "We were very hard workers" -- A call to service -- The wise men -- In the valley -- When is enough enough? | |
| 520 |
_a"From an acclaimed historian and financial analyst, the first definitive history of the legendary private investment firm Brown Brothers Harriman - and through it, the rise to world power of the so-called American Establishment. Conspiracy theories have always swirled around Brown Brothers Harriman, and not without reason. Throughout the 19th century, when America was convulsed by a devastating financial panic every generation, Brown Brothers quietly went from strength to strength, propping up the US financial system at crucial moments and catalyzing successive booms, from the cotton trade and the steam ship to the railroad, while avoiding unwelcome attention. By the turn of the 20th century, Brown Brothers was at the heart of what was meant by the American Establishment. As America's reach extended beyond its shores, Brown Brothers was there, often working hand in glove with the State Department, as in Nicaragua in the 1910's, when the firm was essentially empowered to take over the country's economy. To the Browns, virtuousness was a given; in that spirit they supported the elite institutions that forged successive generations of leaders. When, during the Great Depression, Brown Brothers ensured their strength by merging with Averell Harriman's investment bank to form Brown Brothers Harriman, the die was cast for the role the firm would play on the world stage during World War 2 and thereafter. Its core leadership cadre, including Harriman, Robert Lovett, and Prescott Bush, all Skull and Bones men from Yale, played a central role in erecting the architecture of the postwar order, with the US dollar at its heart. In Inside Money, Zachary Karabell offers the first full and frank look inside this very private institution as a prime mover in the larger American story. Blessed with complete access to the company's archives and a thrillingly strong grasp of the bigger picture, Karabell has written in effect an x-ray film of American power from 1818 to the present"-- _cProvided by publisher. |
||
| 588 | _aDescription based on print version record and CIP data provided by publisher; resource not viewed. | ||
| 610 | 2 | 0 |
_aBrown Brothers & Company _xHistory. _997712 |
| 610 | 2 | 0 |
_aBrown Brothers, Harriman & Co. _xHistory. _997713 |
| 650 | 0 |
_aPrivate banks _zNew York (State) _zNew York _xHistory. _997714 |
|
| 650 | 0 |
_aPrivate banks _zUnited States _xHistory. _997715 |
|
| 650 | 0 |
_aInvestment banking _zUnited States _xHistory. _997716 |
|
| 650 | 0 |
_aMerchant banks _zUnited States _xHistory. _997717 |
|
| 650 | 0 |
_aBanks and banking _xPolitical aspects _zUnited States _xHistory. _997718 |
|
| 650 | 0 |
_aCapitalism _zUnited States _xHistory. _993668 |
|
| 651 | 0 |
_aUnited States _xEconomic conditions. _912812 |
|
| 651 | 0 |
_aUnited States _xForeign economic relations. _997719 |
|
| 776 | 0 | 8 |
_iPrint version: _aKarabell, Zachary. _tInside money _dNew York : Penguin Press, 2021. _z9781594206610 _w(DLC) 2020019212 |
| 906 |
_a7 _bcbc _corignew _d1 _eecip _f20 _gy-gencatlg |
||
| 942 |
_2ddc _cLC |
||
| 999 |
_c591141 _d591141 |
||